Quizzes
Events
Quiz Creation
Community
Videos
Private Events
Remove Ads
Sign In
Join for FREE
Feedback
Dark Mode
Quiz Categories
Sports
Geography
Music
Movies
Television
Just For Fun
Miscellaneous
History
Literature
Language
Science
Gaming
Entertainment
Religion
Holiday
For Kids
Quiz Lab
Recent
Popular Today
Quiz Kudos Today
Editor Picks
Curator Picks
Quizzes by...
Day
Popularity
Type
Ratings
Length
Year
Community
Subscriptions
Recent Discussions
Orange Saloon
Badges
Playlists
Quests
Create
Leaderboards
Showdown
Live 5
Trivia Bingo
Activity
Puzzle Library
Sporcle Events
Private Events
Virtual Trivia
Globe League
Become a Host
Pub Owners
SporcleCon
Opinionation
Our Games
Videos
Blog
Mobile Apps
Partnerships
Remove Ads and Go Orange
Feedback
Sports
Athletes
MLB
NBA
NHL
NFL
Soccer
Sports Teams
WWE
NCAA
Football
Premier League
Basketball
Baseball
Hockey
Golf
Tennis
Cricket
Rugby
Auto Racing
Olympics
World Cup
Sports
Athletes
MLB
NBA
NHL
NFL
Soccer
Sports Teams
WWE
NCAA
Football
Premier League
Basketball
Baseball
Hockey
Golf
Tennis
Cricket
Rugby
Auto Racing
Olympics
World Cup
Random Quiz
Search Sporcle
×
Quiz Lab
Quiz Lab
Sports
MLB
Type in answers that appear in a list
Type in answers that appear in a list
Classic
Best Score? Go Orange.
NL Opening Day Starters 1980-2010 Stats
Can you name the Pitchers with the Most Opening Day Starts in the NL 1980-2010?
By
irishheadgear
6m
29 Questions
770 Plays
770 Plays
770 Plays
Comments
Comments
Give Quiz Kudos
Give Quiz Kudos
-
- Ratings
hide this ad
Replay
Link that replays current quiz
Next Quiz
Link to next quiz in quiz playlist
You Got
0%
They Got
Avg Score
58%
Avg Friend Score
Upgrade to see
Score Distribution
Jump to the score distribution portion of the page
Score
0/29
Timer
06:00
0
Plays Today
Opening Day Starts
Pitchers
% Correct
8
Tom Glavine
99%
8
Greg Maddux
98.4%
6
Randy Johnson
92.9%
8
Roy Oswalt
91.4%
6
Dennis Martinez
88.2%
5
Ramon Martinez
88.2%
5
Curt Schilling
83.2%
8
Dwight Gooden
83%
6
Carlos Zambrano
81.4%
7
Steve Carlton
76.4%
6
Kevin Brown
75.6%
7
Livan Hernandez
75.5%
6
Ben Sheets
70.3%
5
Aaron Harang
60.9%
5
Mike Scott
60%
Opening Day Starts
Pitchers
% Correct
6
Fernando Valenzuela
57.9%
5
Doug Drabek
56.6%
5
Rick Sutcliffe
44.4%
5
Derek Lowe
43.2%
5
Steve Rogers
39.4%
6
Mario Soto
33.2%
7
Jon Lieber
32.1%
5
Rick Reuschel
29%
5
Andy Benes
27.1%
5
Shane Reynolds
24.4%
5
John Burkett
23.4%
5
Pete Harnisch
17.9%
5
Terry Mulholland
17.5%
5
Rick Mahler
17.1%
Quiz Playlist
Details
Report
Send in Message
Add To Playlist
Classic:
Type in answers that appear in a list
Quiz Source
Last Updated: Feb 16, 2017
Quiz Scoreboard
CHALLENGE
Sign Up to Join the Scoreboard
Show All
Scores
Hide
Comments
May contain spoilers
Recently Published
An Introduction to Baseball
by treessimontrees
Sports
5m
Movies - When Are They Set?
by FPL_Elf
Movies
5m
Popular People in 1961
by mucciniale
History
6m
More to Explore
Quiz From the Vault
Featured Blog Post
Where Did the Easter Bunny Come From?
hide this ad
You Might Also Like...
Tags
Baseball Quiz
MLB Quiz
1980s
Pitchers
Starter
Today's Top Quizzes in Sports
Browse Sports
hide this ad
Today's Top Quizzes in MLB
Browse MLB
Top Contributed Quizzes in Sports
1
Les meilleurs buteurs des matchs entre le PSG et l’OM
2
2022 World Cup Stars
3
FIFA Club World Cup Champions
4
Les entraîneurs de l'OM et du PSG au 21e siècle
5
Name the Premier League winners with different clubs
6
La finale Lions - Afrique du Sud 2021
7
Les joueurs passés par le LOSC et le RC Lens
8
Criteria MLB: Left Handed Sluggers
9
Players with Multiple 50 Home Run Seasons
10
5-to-1: UK Sports Teams
Explore More
Trending Topics
Marvel
Crossword
Kpop
Anime
NBA
Disney
Harry Potter
Song
Soccer
Puzzle
Country
Pokémon
The Office
WWE
NFL
hide this ad
More By:
irishheadgear
Quiz
Plays
Rating
Category
Featured
Created
Minnesota Twins Opening Day Starting Pitchers
10,644
4.41
Sports
Mar 24, 2011
NL Opening Day Starters 1980-2010
770
4.27
Sports
Mar 25, 2011
AL Opening Day Starters 1980-2010
723
4.25
Sports
Mar 25, 2011
Minnesota's Longest Rivers
127
4.00
Geography
Mar 3, 2011
HRs from Both Sides in a Game - Career
108
5.00
Sports
Mar 4, 2011
Go to Creator's Profile
Score Distribution
Quiz Creator Spotlight
irishheadgear
Follow
Send a Message
Quizzes Created
-
Created Quiz Play Count
-
More By This Creator
Popular Quizzes Today
1
Find the Countries of Europe - No Outlines Minefield
2
Find the US States - No Outlines Minefield
3
The Countries of the World
4
Popular People in 1961
5
US States
6
Find the US States
7
1-10 Letter E Words III
8
Risky Map Clicking: Biggest States A-Z
More Sports Quizzes
Top 5 All Time NHL Team Goal Scorers
Editor's Pick
Trending Quizzes
Risky Map Clicking: Least Populous States A-Z
1-10 Letter F Words
1-10 Letter G Words
One Thing in Common: United Kingdom
Risky Map Clicking: Next State Alphabetically
Recently Updated
Leaping Animals
pecheneg
Reality TV Shows (A-Z)
bhenderson79
Rickey Henderson's Hall of Fame Teammates
pecheneg
Champions League XIs: Arsenal
pecheneg
Quick Pick: Celebrities in WWE's Hall of Fame
aduchscher
A-Z Keypad Blitz II
pecheneg
Multiple Oscar Actors
pecheneg
Mystery Phrase Blitz: Oscar 'Best Actors'
pecheneg
F. Scott Fitzgerald Novels
LTH
Pick 3 Villains
ddd62291
Trending Topics
Disney
Marvel
Harry Potter
Kpop
Anime
NBA
Crossword
NFL
Soccer
Song
Pokémon
Puzzle
Country
The Office
WWE
Your Account Isn't Verified!
In order to create a playlist on Sporcle, you need to verify the email address you used during registration. Go to your
Sporcle Settings
to finish the process.
Report this User
Report this user for behavior that violates our
Community Guidelines
.
Details:
Send Report
Go to the Sporcle.com Mobile Site →
Comments